[Event "FRA-ch 2018 Seniors Veterans"]
[Site "Nimes"]
[Date "2018.08.20"]
[Round "3"]
[White "Cartigny, Patrick"]
[Black "Vareille, Francois"]
[Result "1/2-1/2"]
[WhiteElo "1910"]
[BlackElo "2421"]
[Annotator "NA RC"]
[PlyCount "48"]
[EventDate "2018.08.18"]
[EventType "tourn"]
[EventCountry "FRA"]
[SourceTitle "playchess.com"]
[Source "ChessBase"]
[SourceQuality "1"]
[TimeControl "40/5400+30:1800+30"]

1. e4 {[%emt 0:01:06]} c5 {[%emt 0:00:06]} 2. c3 {[%emt 0:00:07]} g6 {[%emt 0:00:21]} 3. d4 {[%emt 0:00:09]} cxd4 {[%emt 0:00:14]} 4. cxd4 {[%emt 0:00:06]} d5 {[%emt 0:00:31]} 5. e5 {[%emt 0:05:46]} a6 {[%emt 0:01:15]} 6. h3 {[%emt 0:02:24]} Nc6 {[%emt 0:01:32]} 7. Nf3 {[%emt 0:01:14]} Bg7 {[%emt 0:04:58]} 8. Nc3 {[%emt 0:01:20]} f6 {[%emt 0:01:20]} 9. Bf4 {[%emt 0:09:05]} e6 {[%emt 0:02:17]} 10. Be2 {[%emt 0:08:40]} Nge7 {[%emt 0:03:01]} 11. O-O {[%emt 0:01:34]} O-O {[%emt 0:00:32]} 12. Qd2 {[%emt 0:01:51]} Bd7 $11 {[%emt 0:03:55]} 13. Rfe1 {[%emt 0:04:09]} fxe5 {[%emt 0:03:01]} 14. Nxe5 {[%emt 0:05:04]} Nf5 {[%emt 0:02:38]} 15. Nxc6 {[%emt 0:02:28]} Bxc6 {[%emt 0:01:10]} 16. Bg4 {[%emt 0:11:35]} Nxd4 {[%emt 0:01:30]} 17. Be5 {[%emt 0:06:39]} Bxe5 {[%emt 0:14:20]} 18. Rxe5 {[%emt 0:01:31]} Nf5 {[%emt 0:00:51]} 19. Rxe6 {[%emt 0:01:10]} d4 {[%emt 0:02:30]} 20. Ne2 {[%emt 0:02:32]} Bxg2 {[%emt 0:01:54]} 21. Nf4 {[%emt 0:06:45]} Bc6 {[%emt 0:14:40]} 22. Rae1 {[%emt 0:12:43]} Qg5 {[%emt 0:00:42]} 23. Qc1 {[%emt 0:07:21]} Ng7 {[%emt 0:06:03]} 24. Qc4 {[%emt 0:05:05]} Kh8 {[%emt 0:00:17]} 1/2-1/2

[Event "FRA-ch 2018 Seniors Veterans"]
[Site "Nimes"]
[Date "2018.08.20"]
[Round "3"]
[White "Warnault, Pierre"]
[Black "Ricter, Jean-Paul"]
[Result "0-1"]
[WhiteElo "1857"]
[BlackElo "2065"]
[Annotator "NA"]
[PlyCount "104"]
[EventDate "2018.08.18"]
[EventType "tourn"]
[EventCountry "FRA"]
[SourceTitle "playchess.com"]
[Source "ChessBase"]
[SourceQuality "1"]
[TimeControl "40/5400+30:1800+30"]

1. e4 {[%emt 0:00:00]} d5 {[%emt 0:00:00]} 2. exd5 {[%emt 0:00:00]} Nf6 {[%emt 0:00:00]} 3. d4 {[%emt 0:00:00]} Nxd5 {[%emt 0:00:35]} 4. Nf3 {[%emt 0:00:22]} g6 {[%emt 0:01:10]} 5. Be2 {[%emt 0:00:57]} Bg7 {[%emt 0:00:10]} 6. O-O {[%emt 0:00:06]} O-O {[%emt 0:00:12]} 7. c3 {[%emt 0:01:55]} Bf5 {[%emt 0:12:31]} 8. Re1 {[%emt 0:02:02]} h6 {[%emt 0:04:33]} 9. Nbd2 {[%emt 0:01:21]} c6 {[%emt 0:06:51]} 10. Nc4 {[%emt 0:04:14]} Nd7 {[%emt 0:05:12]} 11. Bd3 {[%emt 0:03:07]} Bxd3 {[%emt 0:03:15]} 12. Qxd3 {[%emt 0:00:09]} Qc7 {[%emt 0:00:58]} 13. Bd2 {[%emt 0:05:49]} Rad8 {[%emt 0:05:18]} 14. Qc2 {[%emt 0:01:38]} c5 {[%emt 0:02:19]} 15. Ne3 {[%emt 0:16:45]} N7f6 {[%emt 0:09:46]} 16. Nxd5 {[%emt 0:06:29]} Nxd5 {[%emt 0:01:40]} 17. dxc5 {[%emt 0:00:45]} Qxc5 {[%emt 0:00:37]} 18. Be3 {[%emt 0:01:30]} Nxe3 {[%emt 0:02:48]} 19. Rxe3 {[%emt 0:00:11]} Rd7 {[%emt 0:03:43]} 20. Rd1 {[%emt 0:05:45]} Rfd8 {[%emt 0:01:31]} 21. Red3 {[%emt 0:02:53]} Rd6 {[%emt 0:01:38]} 22. Rxd6 {[%emt 0:03:07]} Rxd6 {[%emt 0:00:44]} 23. Rxd6 {[%emt 0:00:13]} Qxd6 {[%emt 0:00:28]} 24. h3 {[%emt 0:04:25]} a6 {[%emt 0:05:30]} 25. c4 {[%emt 0:03:18]} Qf6 {[%emt 0:01:47]} 26. b3 {[%emt 0:00:57]} Qa1+ {[%emt 0:00:32]} 27. Kh2 {[%emt 0:00:15]} Qf6 {[%emt 0:05:09]} 28. Qe2 {[%emt 0:01:30]} Qd6+ {[%emt 0:00:45]} 29. Kg1 {[%emt 0:00:40]} Bf6 {[%emt 0:00:29]} 30. Qd2 {[%emt 0:01:36]} Qxd2 {[%emt 0:04:37]} 31. Nxd2 {[%emt 0:00:07]} Kf8 {[%emt 0:00:21]} 32. Kf1 {[%emt 0:00:55]} Ke8 {[%emt 0:00:32]} 33. Ke2 {[%emt 0:00:11]} Kd7 {[%emt 0:00:31]} 34. Kd3 {[%emt 0:00:37]} Kc6 {[%emt 0:01:54]} 35. f3 {[%emt 0:01:56]} e6 {[%emt 0:02:37]} 36. Ne4 {[%emt 0:05:09]} Be7 {[%emt 0:00:54]} 37. Nf2 {[%emt 0:08:19]} f5 {[%emt 0:00:43]} 38. g4 {[%emt 0:01:19]} Kc5 {[%emt 0:01:20]} 39. gxf5 {[%emt 0:02:31]} gxf5 {[%emt 0:02:51]} 40. Nd1 {[%emt 0:01:02]} Kb4 {[%emt 0:05:17]} 41. Kc2 {[%emt 0:32:30]} Bf6 {[%emt 0:31:51]} 42. Nf2 {[%emt 0:01:02]} Bd4 {[%emt 0:02:58]} 43. Nd3+ {[%emt 0:01:21]} Ka5 {[%emt 0:00:00]} 44. Nf4 {[%emt 0:00:00]} e5 {[%emt 0:00:00]} 45. Ne6 {[%emt 0:00:00]} Bf2 {[%emt 0:00:00]} 46. Ng7 {[%emt 0:00:00]} e4 {[%emt 0:00:00]} 47. fxe4 {[%emt 0:00:00]} fxe4 {[%emt 0:00:00]} 48. Nf5 {[%emt 0:00:00]} h5 {[%emt 0:00:00]} 49. Nd6 {[%emt 0:00:00]} e3 {[%emt 0:00:00]} 50. Kd3 {[%emt 0:00:00]} Kb4 {[%emt 0:00:00]} 51. Nxb7 {[%emt 0:00:00]} Ka3 {[%emt 0:00:00]} 52. Nc5 {[%emt 0:00:00]} e2 {[%emt 0:00:00]} 0-1

[Event "FRA-ch 2018 Seniors Veterans"]
[Site "Nimes"]
[Date "2018.08.21"]
[Round "4"]
[White "Vareille, Francois"]
[Black "Lebret, Jean-Michel"]
[Result "1-0"]
[WhiteElo "2421"]
[BlackElo "2038"]
[Annotator "TA"]
[PlyCount "115"]
[EventDate "2018.08.18"]
[EventType "tourn"]
[EventCountry "FRA"]
[SourceTitle "playchess.com"]
[Source "ChessBase"]
[SourceQuality "1"]

{[%evp 27,115,55,52,-4,0,-5,-12,-12,75,65,88,72,108,70,66,64,49,29,31,28,27,29,70,62,64,62,72,31,47,33,56,23,37,31,92,100,99,90,102,106,143,131,194,202,202,195,252,258,258,243,279,269,348,356,349,221,333,331,329,302,311,304,353,345,477,478,472,466,477,452,256,219,469,0,413,468,472,472,432,445,6070,5888,5193,1185,29962,414,29972,12849,29988,29989]} 1. d4 d5 2. c4 e6 3. Nc3 c5 4. cxd5 exd5 5. Nf3 Nc6 6. g3 Nf6 7. Bg2 Be7 8. O-O O-O 9. Bg5 cxd4 10. Nxd4 h6 11. Be3 Re8 12. Qa4 Bd7 13. Rfd1 Na5 {[%cal Bc6a5,Ba5c4,Bc4d6,Bd6e4][%mdl 32] D34: Tarrasch Defence: 6 g3 Nf6 7 Bg2 Be7} 14. Qc2 Nc4 {LiveBook: 11 Games} 15. Bc1 (15. Nxd5 $14 Nxd5 16. Qxc4 (16. Bxd5 Nxe3 17. fxe3 Bg5 $14) 16... Nxe3 17. fxe3) (15. Bf4 Nb6 16. a4 a5 17. Qb3 Bc5 18. Nxd5 Nfxd5 19. Bxd5 Qf6 20. Be3 Rxe3 21. fxe3 {1-0 (43) Korotylev,A (2580)-Gunina,V (2510) Moscow 2012}) 15... Rc8 $1 $11 {The position is equal.} 16. b3 (16. Bxd5 Nxd5 17. Nxd5 Ne3 $17) 16... Nd6 17. Qd3 Bc6 $146 (17... Nde4 $11 18. Nxd5 Nxd5 19. Bxe4 Nc3) ({Predecessor:} 17... Nde4 18. Bb2 Nxc3 19. Bxc3 Ne4 20. Bb2 Bf6 21. Rac1 Rxc1 22. Rxc1 {½-½ (43) Glyanets,A (2385)-Orsag,M (2300) Prague 1989}) 18. Bb2 $16 Bf8 19. e3 Qd7 20. Nde2 Nde4 21. Nf4 Rcd8 22. Bh3 Qe7 23. Rac1 d4 24. exd4 Nxc3 25. Qxc3 (25. Bxc3 g5 $11) 25... Nd5 26. Nxd5 Bxd5 27. Bg2 Bxg2 28. Kxg2 Qe4+ $1 29. Qf3 (29. Kg1 {is interesting.} Qf5 30. Re1 Rc8 31. Rxe8 Rxe8 32. Qd2) 29... Qe2 $1 {[%cal Re2b2]} 30. Ba1 (30. Qxe2 {with more complications.} Rxe2 31. Rb1 Rc8 32. d5 Rcc2 33. Bd4) 30... Qxf3+ ({Better is} 30... Qxa2 $14 31. Rc7 (31. Qxb7 Rb8 $11) 31... Re7 32. Rxe7 (32. Rxb7 Rxb7 33. Qxb7 Rd6 $11) 32... Bxe7) 31. Kxf3 Re7 32. Rc2 g6 33. Rdc1 Bg7 34. Rc8 Red7 (34... Rxc8 $16 35. Rxc8+ Kh7) 35. Rxd8+ $18 Rxd8 36. Rc7 Bxd4 (36... Rb8 $142 37. Bc3 Bf6) 37. Bxd4 Rxd4 38. Rxb7 {[%mdl 4096] Endgame KR-KR} a5 39. Ke3 Rd5 40. a4 Re5+ 41. Kf3 Re6 (41... Kg7 $142 42. h3 Kf6 43. Rb6+ Ke7) 42. Rb5 Ra6 43. Ke4 Kg7 44. Kd5 g5 45. f3 Rf6 46. Kc5 Rxf3 47. Kb6 f5 48. Kxa5 f4 (48... Kg6 {was necessary.} 49. Rb6+ Kg7) 49. gxf4 gxf4 $2 (49... g4 50. b4 Rh3) 50. Kb6 $2 (50. b4 $18 {Rd5 is the strong threat.} Kf7 51. Rc5) 50... Kg6 $2 {[%mdl 8192]} (50... Re3 $1 $11 {and Black stays safe.}) 51. a5 {[%cal Ba4a5,Ba5a6,Ba6a7][%mdl 32]} Re3 {[#] Strongly threatening ...f3.} 52. a6 $1 {[%cal Ra6a7] And now a7 would win.} f3 53. a7 Re6+ (53... Re8 $142) 54. Ka5 Re1 55. Rb4 (55. Kb4 $142 Re4+ 56. Kc3 Re3+ 57. Kd4) 55... Ra1+ 56. Kb6 (56. Ra4 $142 Rxa4+ 57. bxa4 f2 58. a8=Q f1=Q 59. Qa6+ Qxa6+ 60. Kxa6 h5 61. Kb7) 56... Kg5 {[#]} (56... Ra3 $18 57. Ra4 (57. Rf4 Rxb3+ 58. Ka6 Ra3+ 59. Kb7 Rb3+ 60. Kc7 Rc3+ 61. Kb8 Rb3+ 62. Ka8 Kg5 $11) 57... Rxa4 58. bxa4 f2) 57. h4+ $1 Kf5 58. Ra4 {Precision: White = 63%, Black = 29%.} 1-0

[Event "FRA-ch 2018 Seniors Veterans"]
[Site "Nimes"]
[Date "2018.08.21"]
[Round "4"]
[White "Vial, Patrick"]
[Black "Caderon, Michel"]
[Result "1-0"]
[WhiteElo "2139"]
[BlackElo "1967"]
[Annotator "TA"]
[PlyCount "93"]
[EventDate "2018.08.18"]
[EventType "tourn"]
[EventCountry "FRA"]
[SourceTitle "playchess.com"]
[Source "ChessBase"]
[SourceQuality "1"]

{[%evp 9,93,-6,0,-11,0,0,30,43,58,27,62,68,90,44,54,41,83,70,153,62,76,50,172,184,208,198,206,195,193,207,200,192,206,155,181,183,176,185,200,177,258,164,166,170,239,159,161,141,221,132,141,135,364,356,357,328,366,374,372,370,475,449,476,490,586,573,570,570,720,718,718,706,969,963,858,697,696,681,1179,1183,815,762,1211,1141,1073,1015]} 1. e4 c5 2. Nc3 d6 3. d4 cxd4 4. Qxd4 a6 (4... Nc6 5. Qd2 g6 6. b3 Bg7 7. Bb2 Nf6 8. O-O-O O-O 9. Kb1 Qa5 10. Nge2 e5 11. f3 {½-½ (41) Nakamura,H (2769)-Vachier Lagrave,M (2789) Stavanger 2018}) 5. b3 Nf6 6. Bb2 {B23: Closed Sicilian: Lines without g3} e5 7. Qd2 $146 ({Predecessor:} 7. Qe3 Be7 8. O-O-O O-O 9. Kb1 b5 10. Nge2 b4 11. Nd5 Nxd5 12. Rxd5 {1-0 (35) Bitoon,R (2422)-Tran,T (2455) Ho Chi Minh City 2015}) 7... Be6 8. O-O-O {White has an edge.} Nc6 9. f3 Be7 10. Kb1 h5 11. h4 Qa5 12. Nh3 Bxh3 13. Rxh3 b5 ({Black should try} 13... Rc8 $14) 14. Rh2 ({White should play} 14. g4 $16) 14... Rc8 15. a4 (15. Nd5 {looks sharper.} Qxd2 16. Rxd2 Nxd5 17. Rxd5 O-O 18. g3) 15... Nd4 (15... bxa4 $14 16. Nxa4 Nb4) 16. axb5 $18 axb5 17. Nxb5 Qxd2 18. Rxd2 Nxb5 19. Bxb5+ Kf8 20. Rh1 Ne8 21. Rhd1 Nc7 22. Bc4 Rh6 23. Ba3 Ne8 24. Bb5 Nc7 (24... Rg6 $142 25. c4 Rb8) 25. Bd7 Rd8 26. Bc6 ({Worse is} 26. Bxd6 Rxd6 27. Rxd6 Bxd6 $17) 26... Na6 (26... Rg6 {was necessary.} 27. Kb2 Ne6) 27. c4 Rb8 28. Bb5 Nc7 (28... Nc5 $16) 29. Rxd6 (29. Ba4 $18) 29... Rxd6 $16 30. Rxd6 Ne8 $2 {[#]} (30... Nxb5 $16 31. cxb5 Ke8) 31. Ra6 $18 Bxa3 32. Rxa3 {[%mdl 4096] Endgame KRB-KRN} Nc7 33. Ra5 Ne6 34. Kb2 Nd4 35. Ka3 {White is clearly winning.} f6 36. Ka4 g5 37. hxg5 fxg5 38. Ra7 g4 39. fxg4 hxg4 40. b4 Ne2 41. Bc6 Nf4 42. Rh7 Kg8 43. Rh4 Nd3 44. Rxg4+ Kf7 45. Bd5+ Kf6 46. b5 {[%cal Bb4b5,Bb5b6][%mdl 32]} Rh8 47. b6 {Precision: White = 63%, Black = 24%.} 1-0

[Event "FRA-ch 2018 Seniors Veterans"]
[Site "Nimes"]
[Date "2018.08.21"]
[Round "4"]
[White "Ricter, Jean-Paul"]
[Black "Darrigues, Alain"]
[Result "1-0"]
[WhiteElo "2065"]
[BlackElo "1808"]
[Annotator "NA RC"]
[PlyCount "71"]
[EventDate "2018.08.18"]
[EventType "tourn"]
[EventCountry "FRA"]
[SourceTitle "playchess.com"]
[Source "ChessBase"]
[SourceQuality "1"]
[TimeControl "40/5400+30:1800+30"]

1. e4 {[%emt 0:00:00]} c5 {[%emt 0:00:00]} 2. d4 {[%emt 0:00:00]} cxd4 {[%emt 0:00:00]} 3. c3 {[%emt 0:00:02]} Nf6 {[%emt 0:00:00]} 4. e5 {[%emt 0:00:26]} Nd5 {[%emt 0:00:00]} 5. Qxd4 {[%emt 0:00:30]} e6 {[%emt 0:00:41]} 6. Nf3 {[%emt 0:01:59]} Nc6 {[%emt 0:05:07]} 7. Qe4 {[%emt 0:00:25]} Be7 {[%emt 0:04:44]} 8. Bc4 {[%emt 0:06:04]} f5 {[%emt 0:05:40]} 9. Qe2 {[%emt 0:04:33]} Nc7 {[%emt 0:04:04]} 10. O-O {[%emt 0:02:30]} O-O {[%emt 0:08:28]} 11. b4 {[%emt 0:22:10]} b6 {[%emt 0:04:13]} 12. a4 {[%emt 0:05:53]} a6 {[%emt 0:05:33]} 13. Rd1 {[%emt 0:03:04]} Qe8 {[%emt 0:03:09]} 14. Nbd2 {[%emt 0:03:09]} Kh8 {[%emt 0:01:22]} 15. Bb3 Qh5 {[%emt 0:03:59]} 16. Nc4 {[%emt 0:07:47]} Nd5 {[%emt 0:01:34]} 17. Rxd5 {[%emt 0:07:25]} exd5 {[%emt 0:00:17]} 18. Nxb6 {[%emt 0:00:09]} Rb8 {[%emt 0:03:07]} 19. Nxd5 {[%emt 0:00:13]} Bb7 {[%emt 0:00:55]} 20. Nf4 {[%emt 0:01:55]} Qe8 {[%emt 0:01:31]} 21. Bc4 {[%emt 0:01:44]} g5 {[%emt 0:05:25]} 22. Nd5 {[%emt 0:02:31]} g4 {[%emt 0:02:04]} 23. Ne1 {[%emt 0:00:33]} Bd8 {[%emt 0:08:18]} 24. Nd3 {[%emt 0:00:51]} h5 {[%emt 0:12:27]} 25. Qe3 {[%emt 0:03:08]} Qg6 {[%emt 0:01:50]} 26. N3f4 {[%emt 0:05:03]} Qh7 {[%emt 0:00:55]} 27. Qc5 {[%emt 0:01:05]} Re8 {[%emt 0:01:22]} 28. Be3 {[%emt 0:03:18]} Rc8 {[%emt 0:04:21]} 29. Qd6 {[%emt 0:04:47]} Re6 {[%emt 0:05:44]} 30. Qf8+ {[%emt 0:01:55]} Qg8 {[%emt 0:00:37]} 31. Qxg8+ {[%emt 0:01:05]} Kxg8 {[%emt 0:00:01]} 32. Nxe6 {[%emt 0:00:34]} dxe6 {[%emt 0:00:07]} 33. Nf4 {[%emt 0:01:30]} Nxe5 {[%emt 0:02:32]} 34. Bxe6+ {[%emt 0:00:34]} Kf8 {[%emt 0:00:30]} 35. Bxc8 {[%emt 0:00:54]} Bxc8 {[%emt 0:00:02]} 36. Rd1 1-0

[Event "FRA-ch 2018 Seniors Veterans"]
[Site "Nimes"]
[Date "2018.08.21"]
[Round "4"]
[White "Natale, Rodolphe"]
[Black "Prie, Eric"]
[Result "0-1"]
[WhiteElo "1826"]
[BlackElo "2480"]
[Annotator "TA"]
[PlyCount "72"]
[EventDate "2018.08.18"]
[EventType "tourn"]
[EventCountry "FRA"]
[SourceTitle "playchess.com"]
[Source "ChessBase"]
[SourceQuality "1"]

{[%evp 17,71,16,25,-10,-11,-47,0,0,0,0,31,24,24,30,20,24,44,-180,-177,-183,-182,-382,-345,-433,-439,-444,-449,-516,-520,-609,-605,-721,-622,-595,-503,-843,-784,-29985,-29985,-29983,-29984,-29987,-6020,-29979,-29980,-29986,-29987,-29990,-29991,-29992,-29993,-29996,-29997,-29997,-29998,-29999]} 1. e4 d5 2. exd5 Qxd5 3. Nc3 Qa5 4. d4 Nf6 5. Nf3 Bf5 6. Bc4 e6 7. Bd2 {B01: Scandinavian Defence} Bb4 8. a3 Bxc3 9. Bxc3 Qb6 {LiveBook: 53 Games} 10. b3 Nc6 11. h3 $146 ({Predecessor:} 11. O-O O-O 12. Ne5 Rad8 13. Nxc6 Qxc6 14. Bb4 Rfe8 {0-1 (47) Leko,P (2732)-Fressinet,L (2700) Beijing 2012}) 11... O-O 12. O-O Rfd8 13. Qe2 Ne4 14. Bb2 Nd6 15. Rad1 a5 16. Rfe1 a4 17. b4 $2 {[#]} (17. d5 $14 {stays ahead.} Nxc4 18. Qxc4 exd5 19. Rxd5 Rxd5 20. Qxd5 Bxc2 21. b4) 17... Nxb4 $1 $19 {[%mdl 512]} 18. axb4 Qxb4 19. Ne5 $2 (19. Bb3 {was worth a try.}) 19... Qxb2 20. g4 Bg6 21. Nxg6 hxg6 ({Less strong is} 21... fxg6 22. Bxe6+ Kh8 23. Qd3 $17) 22. h4 a3 {[%cal Ba4a3,Ba3a2][%mdl 32]} 23. h5 gxh5 24. gxh5 Nxc4 25. Qxc4 a2 26. Ra1 (26. Qb3 $142 Qxb3 27. cxb3) 26... Rxd4 27. Qxc7 Rg4+ 28. Kf1 Qb5+ 29. Re2 Rb4 (29... Re4 $142 30. Kg1 Qxe2 31. Kg2 Rg4+ 32. Qg3 Rxg3+ 33. Kxg3 Ra5 34. f4 Ra3+ 35. c3 Rxc3+ 36. Kh4 Qh2+ 37. Kg5 Qg3#) 30. c4 Rb1+ {Black mates.} 31. Kg2 Qg5+ 32. Kf3 Qxh5+ 33. Ke3 Rxa1 34. Rb2 Ra3+ 35. Kd4 Rd1+ 36. Ke4 Qf5# {Precision: White = 25%, Black = 70%.} 0-1

[Event "FRA-ch 2018 Seniors Veterans"]
[Site "Nimes"]
[Date "2018.08.22"]
[Round "5"]
[White "Prie, Eric"]
[Black "Vial, Patrick"]
[Result "1-0"]
[WhiteElo "2480"]
[BlackElo "2139"]
[Annotator "TA"]
[PlyCount "63"]
[EventDate "2018.08.18"]
[EventType "tourn"]
[EventCountry "FRA"]
[SourceTitle "playchess.com"]
[Source "ChessBase"]
[SourceQuality "1"]

{[%evp 18,63,97,98,108,111,147,139,141,145,188,188,222,212,197,204,205,194,223,223,223,231,214,217,243,249,241,250,248,239,240,209,200,207,190,207,258,256,258,258,258,258,625,456,487,489,635,631]} 1. d4 d6 2. Nf3 Nd7 3. e4 e5 4. Bc4 c6 5. O-O Be7 6. dxe5 dxe5 7. Ng5 Bxg5 8. Qh5 g6 9. Qxg5 Qxg5 10. Bxg5 {LiveBook: 19 Games} Ngf6 {C41: Philidor Defence} (10... Nc5 11. Nd2 Be6 12. Be2 f6 13. Be3 Nd7 14. Nc4 b6 15. a4 Ne7 16. a5 b5 17. Nd6+ Kd8 18. c4 Kc7 {1-0 (31) Solodovnichenko,Y (2615)-Gorbatov,A (2375) Bergamo 2011}) 11. f3 h6 12. Be3 Nb6 {White is clearly better.} 13. Nd2 {[%cal Bb1d2,Bd2c4,Bc4d6][%mdl 32]} Kf8 $146 ({Predecessor:} 13... Be6 14. Bxe6 fxe6 15. a4 g5 16. a5 Nbd7 17. Nc4 Kd8 18. Rfd1 {1-0 (26) Oliveira,D (2109)-Taus,M (2107) LSS email 2012}) 14. Bb3 Kg7 15. a4 {[%cal Ba2a4,Ba4a5][%mdl 32]} Re8 16. a5 Nbd7 17. Nc4 Nf8 18. Nd6 Re7 19. Bxa7 Be6 20. Bc5 Bxb3 21. cxb3 {[%cal Bc2b3,Bb3b4,Bb4c5][%mdl 32]} Rd7 22. Nc4 Rd3 23. b4 ({Don't take} 23. Nxe5 $6 Rxb3 24. Bd4 c5) 23... Ne6 24. Rfd1 Nxc5 25. bxc5 Rb3 26. Ra4 Re8 27. Rd2 Re7 28. a6 bxa6 29. Rxa6 Nd7 $2 {[#]} (29... Rc7 30. Rb6 Rb5) 30. Rxc6 {White is clearly winning.} Rb5 31. Na3 Ra5 32. Rc7 {Precision: White = 98%, Black = 41%.} 1-0

[Event "FRA-ch 2018 Seniors Veterans"]
[Site "Nimes"]
[Date "2018.08.22"]
[Round "5"]
[White "Dussol, Pierre"]
[Black "Dijon, Frederic"]
[Result "1-0"]
[WhiteElo "2096"]
[BlackElo "1901"]
[Annotator "NA"]
[PlyCount "59"]
[EventDate "2018.08.18"]
[EventType "tourn"]
[EventCountry "FRA"]
[SourceTitle "playchess.com"]
[Source "ChessBase"]
[SourceQuality "1"]
[TimeControl "40/5400+30:1800+30"]

1. e4 {[%emt 0:01:20]} e6 {[%emt 0:00:44]} 2. d4 {[%emt 0:01:32]} d5 {[%emt 0:00:09]} 3. e5 {[%emt 0:01:12]} c5 {[%emt 0:00:31]} 4. Nf3 {[%emt 0:00:47]} Nc6 {[%emt 0:01:34]} 5. Bd3 {[%emt 0:01:09]} Nh6 {[%emt 0:03:44]} 6. dxc5 {[%emt 0:07:19]} Nf5 {[%emt 0:02:17]} 7. O-O {[%emt 0:01:56]} Bxc5 {[%emt 0:01:47]} 8. Bf4 {[%emt 0:01:34]} h6 $11 {[%emt 0:01:03]} 9. Bxf5 {[%emt 0:13:17]} exf5 {[%emt 0:01:19]} 10. h4 {[%emt 0:01:00]} Be6 {[%emt 0:00:19]} 11. Nc3 {[%emt 0:04:05]} a6 {[%emt 0:07:40]} 12. a3 {[%emt 0:07:16]} Be7 {[%emt 0:03:11]} 13. h5 {[%emt 0:08:24]} g5 {[%emt 0:10:07]} 14. hxg6 {[%emt 0:02:02]} fxg6 {[%emt 0:02:03]} 15. Ne2 {[%emt 0:02:57]} g5 {[%emt 0:11:33]} 16. Nfd4 {[%emt 0:03:16]} Nxd4 {[%emt 0:03:31]} 17. Nxd4 {[%emt 0:00:19]} Qb6 {[%emt 0:02:33]} 18. Be3 {[%emt 0:11:45]} Bc5 {[%emt 0:05:32]} 19. Nxe6 {[%emt 0:11:13]} Bxe3 {[%emt 0:00:26]} 20. Ng7+ {[%emt 0:01:55]} Kf8 {[%emt 0:03:13]} 21. Nxf5 {[%emt 0:00:25]} Bf4 {[%emt 0:01:24]} 22. Qxd5 {[%emt 0:03:35]} Rd8 {[%emt 0:00:39]} 23. Nd6 {[%emt 0:02:03]} Rh7 {[%emt 0:00:45]} 24. Rad1 {[%emt 0:02:07]} Re7 {[%emt 0:01:41]} 25. Qe4 {[%emt 0:03:38]} Rxe5 {[%emt 0:07:55]} 26. Qg6 {[%emt 0:00:45]} Qc7 {[%emt 0:02:46]} 27. Qf6+ {[%emt 0:00:20]} Kg8 {[%emt 0:00:22]} 28. Nb5 {[%emt 0:00:29]} Rxd1 29. Nxc7 Ree1 30. Qg6+ {Rxf1# g3+} 1-0

[Event "FRA-ch 2018 Seniors Veterans"]
[Site "Nimes"]
[Date "2018.08.22"]
[Round "5"]
[White "Ricter, Jean-Paul"]
[Black "Vareille, Francois"]
[Result "0-1"]
[WhiteElo "2065"]
[BlackElo "2421"]
[Annotator "TA"]
[PlyCount "79"]
[EventDate "2018.08.18"]
[EventType "tourn"]
[EventCountry "FRA"]
[SourceTitle "playchess.com"]
[Source "ChessBase"]
[SourceQuality "1"]

{[%evp 25,79,-41,21,-91,-99,-95,-86,-133,-124,-156,-187,-318,-315,-286,-248,-763,-621,-756,-712,-962,-957,-941,-933,-881,-818,-1386,-761,-789,-791,-743,-789,-781,-778,-770,-766,-732,-725,-744,-707,-717,-716,-1050,-1016,-1180,-1152,-1144,-1083,-1008,-1070,-1026,-968,-1272,-1263,-1454,-1394,-1754]} 1. e4 e6 2. d4 d5 3. Nc3 Nf6 4. Bg5 Bb4 5. e5 h6 6. Bd2 Bxc3 7. bxc3 Ne4 8. Qg4 g6 9. h4 c5 10. Bd3 Nxd2 11. Kxd2 Nc6 12. Rh3 Qa5 {C12: French: Classical System: McCutcheon Variation} (12... cxd4 13. cxd4 Qb6 14. Nf3 Bd7 15. a3 Ne7 16. Rhh1 Qa5+ 17. c3 Rc8 18. Rhc1 Bb5 19. Bxb5+ Qxb5 20. Rab1 Qa6 21. Ne1 {½-½ (34) Lanc,A (2559)-Lepikhov,A (2611) ICCF corr 1999}) 13. Bxg6 Nxd4 $1 {LiveBook: 5 Games. aiming for ...Rg8.} 14. Rg3 {[#]} (14. Kd1 $1 $11 Rg8 15. Bxf7+ $1 {[%mdl 512]} Kxf7 16. Qh5+ Ke7 17. cxd4) 14... Rf8 $1 $17 {Black is better.} 15. Bd3 Bd7 16. Qf4 O-O-O 17. Qxh6 c4 18. Qf4 $146 {[#]} (18. Bh7 $142 Nc6 19. Ne2) ({Predecessor:} 18. Bh7 Nb5 19. Ne2 Bc6 20. Ke1 {0-1 (67) Eriksson,B (2115)-Barcelo Pujadas,P (2269) Calvia 2008}) 18... Nb5 $1 $19 {[%cal Bd4b5,Bb5c3,Bc3e4][%mdl 32]} 19. Bf1 {[#]} Nxc3 $1 {[%mdl 512]} 20. Kc1 $2 (20. Rxc3 d4 21. Ne2 (21. Qxd4 $2 Bc6 $19) 21... dxc3+ 22. Ke1) 20... Qa3+ {Black is clearly winning.} 21. Kd2 Ne4+ 22. Kd1 Qb2 23. Rc1 f6 {[%cal Bf7f6,Bf6e5][%mdl 32]} 24. Rf3 fxe5 25. Qxf8 Qd4+ 26. Bd3 Rxf8 27. Rxf8+ Kc7 28. Ne2 Nxf2+ 29. Ke1 Nxd3+ 30. cxd3 Qxh4+ 31. g3 Qh1+ 32. Rf1 Qh6 33. dxc4 d4 34. Rd1 Qe3 35. Rf7 Kd6 36. Kf1 Be8 37. Rf2 Bg6 38. Nc1 Qxg3 39. c5+ Kxc5 40. Nb3+ {Precision: White = 27%, Black = 96%.} 0-1